<The> Effectiveness of Restrictive Immigration Policies: The Case of Transitional Arrangements GLO Discussion Paper, No. 379

Gespeichert in:
Bibliographische Detailangaben
1. Verfasser: Ulceluse, Magdalena
Weitere Verfasser: Kahanec, Martin, 1977-
Format: Buch
Sprache:Englisch
Veröffentlicht: Hamburg ZBW Leibniz-Informationszentrum Wirtschhaft 2019
Ausgabe:1st Edition
Schlagworte:
Tags: Tag hinzufügen
Keine Tags, Fügen Sie das erste Tag hinzu!

MARC

LEADER 00000nam a2200000 4500
001 0271559
005 20240502083824.9
041 0 |a eng 
044 |a DE 
245 1 0 |a <The> Effectiveness of Restrictive Immigration Policies: The Case of Transitional Arrangements  |b GLO Discussion Paper, No. 379  |c Magdalena Ulceluse, Martin Kahanec 
250 |a 1st Edition 
264 1 |a Hamburg  |b ZBW Leibniz-Informationszentrum Wirtschhaft  |c 2019 
300 |a 30 s. 
610 2 0 |a imigrácia 
610 2 0 |a politika migračná 
610 2 0 |a osoby samostatne zárobkovo činné 
610 2 0 |a Európska únia 
100 1 |a Ulceluse, Magdalena 
700 1 |a Kahanec, Martin, 1977-